Tintin - Personnages de L'Affaire Tournesol - Mort subite - Statistiques

Statistiques générales
  • Ce quiz a été pris 63 fois
  • Le résultat moyen est 8 sur 14
Answers on the Grid
Answers color-coded by a green-red scale on the quiz's grid according to % correct below.
Le capitaine Archibald Haddock
Dupond et Dupont
Le professeur Tryphon Tournesol
Bianca Castafiore
Roberto Rastapopoulos
Le général Alcazar
Nestor
Séraphin Lampion
Allan Thompson
Boris Jorgen
Irma
Le colonel Sponsz
Henri Sanzot
Frank Wolff
Muskar XII
Alfredo Topolino
Igor Wagner
Le chat de Moulinsart
Le maréchal Plekszy-Gladz
Ivan Ivanovitch Sakharine
Madame Lampion
Kaviarovitch
Le docteur J.W. Müller
Arturo Benedetto Giovanni Giuseppe Pietro Archangelo Alfredo Cartoffoli
 
Statistiques - réponses
Réponse % Correct
Le capitaine Archibald Haddock
91%
Le professeur Tryphon Tournesol
88%
Dupond et Dupont
78%
Nestor
75%
Bianca Castafiore
63%
Arturo Benedetto Giovanni Giuseppe Pietro Archangelo Alfredo Cartoffoli
56%
Le colonel Sponsz
47%
Séraphin Lampion
47%
Alfredo Topolino
44%
Irma
34%
Le chat de Moulinsart
34%
Madame Lampion
34%
Henri Sanzot
31%
Le maréchal Plekszy-Gladz
28%
Aucun quiz correspondant
Distribution des résultats
% des personnes avec chaque résultat
Percentile par nombre de réponses
Votre historique - résultats
Vous n’avez pas pris ce quiz